00294nam a2200133Ia 4500008004100000100001500041245001200056250001200068260003400080300000800114650001400122942000700136999001700143190216s9999||||xx |||||||||||||| ||und|| aSekhar. Kc 0aBanking a2nd Ed. bKerala Bhasha Institutec1981 a694 aEconomics cBK c40398d40398